Datum a čas kvízu
22.5
Celkem bodů
Celkový počet nahraných bodů na tomto kvízu bez doplňovacích otázek.
1.
Pořadí na kvízu
Konečné umístění týmu na tomto kvízu.
Zaznamenané odpovědi
| # | Otázka | Odpověď | Body | Výsledky |
|---|---|---|---|---|
| 1. | Jak se jmenuje první dítě roku... | 0 | ||
| 2. | Spojené státy a Izrael ve stře... | 1 | ||
| 3. | Americká kapela žaluje návrhář... | 0 | ||
| 4. | Zákazníci v jedné evropské zem... | 1 | ||
| 5. | Hokejisté hostujícího týmu vyh... | 0.5 | ||
| 6. | Věříme tomu, že nemálo z Vás v... | 0 | ||
| 7. | Poznáte podle fotky jedno z ne... | 1 | ||
| 8. | Ve kterém městě najdeme toto k... | 1 | ||
| 9. | Ve spolkové zemi Salcbursko se... | 1 | ||
| 10. | Která dvě česká slova jsou nap... | 1 |